Largest Modern-Day Cities Ever Controlled by Germany - Statistics

General Stats
  • This quiz has been taken 5 times
  • The average score is 23 of 64
Answer Stats
Hint Region Answer % Correct
3,575,000 Mediterranean Athens
100%
4,700,000 German Sphere Berlin
100%
6,900,000 Africa Dar es Salaam
100%
2,900,000 German Sphere Hamburg
100%
4,075,000 Mediterranean Naples
100%
11,600,000 Western Europe Paris
100%
10,800,000 German Sphere Rhine-Ruhr
100%
3,450,000 Mediterranean Rome
100%
2,600,000 Western Europe Amsterdam
67%
1,090,000 German Sphere Hanover
67%
1,570,000 Eastern Europe Kharkiv
67%
3,475,000 Eastern Europe Kyiv
67%
2,725,000 Africa Lome
67%
1,730,000 Mediterranean Marseille
67%
6,550,000 Mediterranean Milan
67%
2,275,000 German Sphere Munich
67%
1,090,000 Eastern Europe Odessa
67%
7,900,000 Pacific Theatre Qingdao
67%
11,800,000 Pacific Theatre Tianjin
67%
2,775,000 Mediterranean Tunis
67%
12,900,000 Pacific Theatre Wuhan
67%
1,280,000 Western Europe Antwerp
33%
1,430,000 Eastern Europe Belgrade
33%
2,825,000 Western Europe Brussels
33%
2,250,000 Eastern Europe Bucharest
33%
2,500,000 Eastern Europe Budapest
33%
1,380,000 Eastern Europe Donetsk
33%
3,950,000 Africa Douala
33%
2,050,000 Western Europe Lyon
33%
1,390,000 Africa Mwanza
33%
1,010,000 Mediterranean Nice
33%
1,560,000 Eastern Europe Prague
33%
1,390,000 Eastern Europe Rostov-on-Don
33%
3,500,000 Western Europe Rotterdam
33%
2,275,000 German Sphere Stuttgart
33%
1,590,000 Mediterranean Turin
33%
2,400,000 German Sphere Vienna
33%
2,475,000 Eastern Europe Warsaw
33%
1,080,000 Africa Zanzibar
33%
1,000,000 German Sphere Aachen
0%
1,230,000 Africa Arusha
0%
1,080,000 German Sphere Bielefeld
0%
1,170,000 Western Europe Bordeaux
0%
1,320,000 Africa Bujumbura
0%
4,000,000 Africa Conakry
0%
1,830,000 Western Europe Copenhagen
0%
1,300,000 Eastern Europe Dnipro
0%
3,225,000 German Sphere Frankfurt
0%
1,580,000 Eastern Europe Helsinki
0%
2,175,000 Eastern Europe Katowice
0%
2,050,000 Africa Kigali
0%
1,390,000 Eastern Europe Krasnodar
0%
1,070,000 German Sphere Leipzig
0%
1,320,000 Western Europe Lille
0%
1,550,000 German Sphere Mannheim
0%
1,400,000 Africa Mombasa
0%
1,130,000 German Sphere Nuremberg
0%
1,290,000 Western Europe Oslo
0%
1,060,000 Mediterranean Padua
0%
1,200,000 Mediterranean Sousse
0%
1,520,000 Eastern Europe Tbilisi
0%
1,170,000 Western Europe Toulouse
0%
1,130,000 Eastern Europe Voronezh
0%
3,900,000 Africa Yaounde
0%
No matching quizzes found
Score Distribution
Percent of People with Each Score
Percentile by Number Answered
Your Score History
You have not taken this quiz